<?xml version="1.0" encoding="UTF-8"?>
<record
    xmlns:xsi="http://www.w3.org/2001/XMLSchema-instance"
    xsi:schemaLocation="http://www.loc.gov/MARC21/slim http://www.loc.gov/standards/marcxml/schema/MARC21slim.xsd"
    xmlns="http://www.loc.gov/MARC21/slim">

  <leader>04148cam a22003855a 4500</leader>
  <controlfield tag="001">017770692</controlfield>
  <controlfield tag="003">Uk</controlfield>
  <controlfield tag="005">20161018142413.0</controlfield>
  <controlfield tag="006">m    ||  d |      </controlfield>
  <controlfield tag="007">cr |||||||||||</controlfield>
  <controlfield tag="008">160306s2016    njua   frb    0|1 0|eng d</controlfield>
  <datafield tag="015" ind1=" " ind2=" ">
    <subfield code="a">GBB6E2382</subfield>
    <subfield code="2">bnb</subfield>
  </datafield>
  <datafield tag="020" ind1=" " ind2=" ">
    <subfield code="z">9780813814520</subfield>
  </datafield>
  <datafield tag="020" ind1=" " ind2=" ">
    <subfield code="z">0813814529</subfield>
  </datafield>
  <datafield tag="040" ind1=" " ind2=" ">
    <subfield code="a">Uk</subfield>
    <subfield code="b">eng</subfield>
    <subfield code="c">Uk</subfield>
    <subfield code="d">EG-ScBUE </subfield>
  </datafield>
  <datafield tag="042" ind1=" " ind2=" ">
    <subfield code="a">ukblsr</subfield>
  </datafield>
  <datafield tag="082" ind1="0" ind2="4">
    <subfield code="2">22</subfield>
    <subfield code="a">617.693</subfield>
    <subfield code="b">MIN</subfield>
  </datafield>
  <datafield tag="245" ind1="0" ind2="0">
    <subfield code="a">Minimally invasive dental implant surgery /</subfield>
    <subfield code="c">edited by Daniel R. Cullum, Douglas Deporter.</subfield>
  </datafield>
  <datafield tag="260" ind1=" " ind2=" ">
    <subfield code="a">Hoboken, New Jersey :</subfield>
    <subfield code="b">John Wiley &amp; Sons, Inc.,</subfield>
    <subfield code="c">2016.</subfield>
  </datafield>
  <datafield tag="300" ind1=" " ind2=" ">
    <subfield code="a">xii, 452p. :</subfield>
    <subfield code="b">ill. (chiefly color) </subfield>
    <subfield code="c">29 cm.</subfield>
  </datafield>
  <datafield tag="500" ind1=" " ind2=" ">
    <subfield code="a">Index : p. 443-452.</subfield>
  </datafield>
  <datafield tag="504" ind1=" " ind2=" ">
    <subfield code="a">Includes bibliographical references.</subfield>
  </datafield>
  <datafield tag="505" ind1="0" ind2=" ">
    <subfield code="a">Section I: Technology, Diagnosis, and Treatment Planning: 1. Diagnosis and Treatment Planning for Minimally Invasive Dental Implant Treatment / Jean-Francois Bedard &amp; Daniel R. Cullum -- 2. Diagnostic Imaging for Patient Evaluation and Minimally Invasive Treatment Planning / Scott D. Ganz -- 3. Risk Assessment and Avoiding Complications / David Dara Yarmand, Douglas Deporter, &amp; Daniel R. Cullum -- 4. The Provisional Restoration: A Diagnostic, Functional, and Esthetic Template / Aldo Leopardi &amp; Daniel R. Cullum -- Section II: Technology and Surgery: 5. Extraction Site Management for Ridge Preservation and Implant Site Development / Barry Bartee &amp; Daniel R. Cullum -- 6. .Engineering Biologic Width and Tissue Levels with Implant and Abutment Surface Preparation / Myron Nevins, Cary A. Shapoff , Khalid Al Hezaimi, &amp; David M. Kim -- 7. Recombinant Human Bone Morphogenetic Protein-2 or Recombinant Human Platelet-Derived Growth Factor BB in Extraction Site Preservation and Bone Augmentation / Craig M. Misch, Marc L. Nevins, &amp; Jason A. Boch -- 8. Periodontal and Peri-implant Soft Tissue Surgery / Giles Horrocks, Christine Cole, &amp; Daniel R. Cullum -- 9. Minimally Invasive Implant Surgery Using Computer-Guided Technology / Gary Orentlicher, Andrew Horowitz, &amp; Marcus Abboud -- Section III: Optimizing Anatomical Limits with Short, Narrow and Angled Implants:10. Short Implants / Douglas Deporter -- 11. Narrow Implants / Joerg Neugebauer, Douglas Deporter, &amp; Daniel R. Cullum -- 12. Minimally Invasive Complete Arch Treatment: The Versatility of Angled Implants / Ole T. Jensen &amp; Daniel R. Cullum -- Wedge Implants and Piezoelectric Surgery: A Minimally Invasive Implant Concept for the Treatment of Narrow Alveolar Ridges / Tomaso Vercellotti &amp; Claudio Stacchi -- Section IV: Implant Site Development:14. Single-Stage Implant Placement and Simultaneous Grafting: The &#x201C;Esthetic Contour Graft &#x201D; / Bach T. Le &amp; Sze Wing Cynthia Au Yeung -- 15. Trans-Alveolar Sinus Elevation and Contiguous Sinus Floor Elevation / Daniel R. Cullum &amp; Douglas Deporter -- 16. Ridge Expansion / Daniel R. Cullum -- 17. Ridge Expansion Combined with Trans-Alveolar Sinus Elevation / Daniel R. Cullum -- Section V: Immediate Implant Reconstruction:18. Immediate Implant Placement for Single- and Multi-Rooted Teeth / Daniel R. .Cullum &amp; Douglas Deporter -- 19. Immediate Esthetic Zone Tooth Replacement / Daniel R. Cullum &amp; Howard Park -- Section VI: Comprehensive Applications of Minimally Invasive Surgery: 20. Skeletal Anchorage and Orthodontics in Implant Site Development / Michael P. Chaff ee &amp; Daniel R. Cullum -- 21. Minimally Invasive Comprehensive Treatment: Case Studies / Daniel R. Cullum &amp; Earl Ness.</subfield>
  </datafield>
  <datafield tag="520" ind1=" " ind2=" ">
    <subfield code="a">Minimally Invasive Dental Implant Surgery presents a new clinical text and atlas focused on cutting edge and rapidly developing, minimally invasive treatment modalities and their applications to implant dentistry.</subfield>
  </datafield>
  <datafield tag="530" ind1=" " ind2=" ">
    <subfield code="a">Also issued in print format.</subfield>
  </datafield>
  <datafield tag="590" ind1=" " ind2=" ">
    <subfield code="a">Wessam</subfield>
  </datafield>
  <datafield tag="650" ind1=" " ind2="7">
    <subfield code="a">Dental implants.</subfield>
    <subfield code="2">BUEsh</subfield>
    <subfield code="9">35980</subfield>
  </datafield>
  <datafield tag="650" ind1=" " ind2="7">
    <subfield code="a">Surgical Procedures, Minimally Invasive</subfield>
    <subfield code="9">41571</subfield>
    <subfield code="x">methods.</subfield>
  </datafield>
  <datafield tag="650" ind1=" " ind2="7">
    <subfield code="a">Patient Care Planning.</subfield>
    <subfield code="9">20329</subfield>
  </datafield>
  <datafield tag="651" ind1=" " ind2=" ">
    <subfield code="2">BUEsh</subfield>
  </datafield>
  <datafield tag="653" ind1=" " ind2=" ">
    <subfield code="b">DDent</subfield>
    <subfield code="c">October2016</subfield>
  </datafield>
  <datafield tag="700" ind1="1" ind2=" ">
    <subfield code="a">Cullum, Daniel R.&#x200F; &#x200E;</subfield>
    <subfield code="q">(Daniel Ray)&#x200F; </subfield>
    <subfield code="e">editor.</subfield>
    <subfield code="9">41569</subfield>
  </datafield>
  <datafield tag="700" ind1="1" ind2=" ">
    <subfield code="a">Deporter, Douglas&#x200F;</subfield>
    <subfield code="e">editor.</subfield>
    <subfield code="9">41570</subfield>
  </datafield>
  <datafield tag="942" ind1=" " ind2=" ">
    <subfield code="2">ddc</subfield>
    <subfield code="e">22</subfield>
    <subfield code="k">617.693 MIN</subfield>
  </datafield>
  <datafield tag="999" ind1=" " ind2=" ">
    <subfield code="c">22687</subfield>
    <subfield code="d">22659</subfield>
  </datafield>
  <datafield tag="952" ind1=" " ind2=" ">
    <subfield code="0">0</subfield>
    <subfield code="1">0</subfield>
    <subfield code="2">ddc</subfield>
    <subfield code="4">0</subfield>
    <subfield code="7">0</subfield>
    <subfield code="8">Academic</subfield>
    <subfield code="a">MAIN</subfield>
    <subfield code="b">MAIN</subfield>
    <subfield code="c">1ST</subfield>
    <subfield code="d">2016-10-18</subfield>
    <subfield code="e">Purchase</subfield>
    <subfield code="g">1102.00</subfield>
    <subfield code="h">9126</subfield>
    <subfield code="l">2</subfield>
    <subfield code="o">617.693 MIN</subfield>
    <subfield code="p">000033455</subfield>
    <subfield code="r">2025-07-15 00:00:00</subfield>
    <subfield code="s">2019-01-29</subfield>
    <subfield code="v">1378.00</subfield>
    <subfield code="y">BB</subfield>
  </datafield>
</record>
